书目信息 |
| 题名: |
中国辞书学文集
|
|
| 作者: | ;中国辞书学会学术委员会 编 | |
| 分册: | ||
| 出版信息: | 北京 外语教学与研究出版社 2000 |
|
| 页数: | 289页 | |
| 开本: | 20cm | |
| 丛书名: | ||
| 单 册: | ||
| 中图分类: | H16-53 | |
| 科图分类: | ||
| 主题词: | 汉语--词典学 | |
| 电子资源: | ||
| ISBN: | 7-5600-1698-7 | |
| 000 | 00648nam0 2200193 450 | |
| 001 | 0732631429 | |
| 005 | 20070612113246.89 | |
| 010 | @a7-5600-1698-7@dCNY12.90 | |
| 100 | @a20070612d2000 km y0chiy0120 ea | |
| 101 | 0 | @achi |
| 102 | @aCN@b110000 | |
| 200 | 1 | @a中国辞书学文集@Azhong guo ci shu xue wen ji@f中国辞书学会学术委员会编@Fzhong guo ci shu xue hui xue shu wei yuan hui bian |
| 210 | @a北京@c外语教学与研究出版社@d2000 | |
| 215 | @a289页@d20cm | |
| 606 | 0 | @a汉语@x词典学 |
| 690 | @aH16-53@v3 | |
| 711 | 02 | @a中国辞书学会学术委员会@Azhong guo ci shu xue hui xue shu wei yuan hui@4编 |
| 801 | 0 | @aCN@bPFT@c20070612 |
| 905 | @a10447@dH16-53@e150 | |
| 中国辞书学文集/中国辞书学会学术委员会编.-北京:外语教学与研究出版社,2000 |
| 289页;20cm |
| ISBN 7-5600-1698-7:CNY12.90 |
| ● |
| 相关链接 |
|
|
|
|
正题名:中国辞书学文集
索取号:H16-53/150
 
预约/预借
| 序号 | 登录号 | 条形码 | 馆藏地/架位号 | 状态 | 备注 |
| 1 | 0639097 | 206390975 | 第二样本阅览室/ [索取号:H16-53/150] | 在馆 | |
| 2 | 0639098 | 206390984 | 密集书库/ [索取号:H16-53/150] | 在馆 |